Executive leadership in the public service: an annotated list of selected monographs (Record no. 487249)

000 -LEADER
fixed length control field 00574cam a22001097a 4500
008 - FIXED-LENGTH DATA ELEMENTS--GENERAL INFORMATION
fixed length control field 180718b1969 xxu||||| |||| 00| 0 eng d
082 ## - DEWEY DECIMAL CLASSIFICATION NUMBER
Classification number A2:I21x73 Un3e
245 ## - TITLE STATEMENT
Title Executive leadership in the public service: an annotated list of selected monographs
Statement of responsibility, etc. by Medical and General Reference Library, Department of Medicine and Surgery, United States
260 ## - PUBLICATION, DISTRIBUTION, ETC.
Place of publication, distribution, etc. Washington, D.C.
Name of publisher, distributor, etc. Medical and General Reference Library, Department of Medicine and Surgery
Date of publication, distribution, etc. 1969
300 ## - PHYSICAL DESCRIPTION
Extent 23p.
700 ## - ADDED ENTRY--PERSONAL NAME
Personal name United States. Department of Medicine and Surgery. Medical and General Reference Library
Holdings
Withdrawn status Lost status Damaged status Not for loan Permanent Location Current Location Date acquired Full call number Barcode Date last seen Price effective from Koha item type
        Indian Institute of Public Administration Indian Institute of Public Administration 2018-08-04 A2:I21x73 Un3e GR8527 2018-08-04 2018-08-04 GR

Powered by Koha